[Event "27th Hoogeveen Open 2024"]
[Site "Hoogeveen NED"]
[Date "2024.10.28"]
[Round "3.23"]
[White "Verheij, Dana"]
[Black "Van Dael, Siem"]
[Result "0-1"]
[BlackTitle "FM"]
[WhiteElo "1972"]
[BlackElo "2279"]
[WhiteFideId "1063790"]
[BlackFideId "1049771"]
[EventDate "2024.10.26"]

1. e4 e6 2. d4 d5 3. Nc3 Bb4 4. e5 c5 5. a3 Bxc3+ 6. bxc3 Ne7 7. h4 Qc7 8. h5 h6
9. Nf3 Nbc6 10. g4 Bd7 11. Bd2 O-O-O 12. a4 f6 13. Bf4 g5 14. hxg6 Nxg6 15. Bg3
fxe5 16. Bd3 Nf4 17. Bxf4 exf4 18. Qd2 e5 19. Be2 e4 20. Ne5 Nxe5 21. dxe5 Qxe5
22. Rh5 Qg7 23. Rxd5 Bc6 24. Bc4 Bxd5 25. Bxd5 Rxd5 26. Qxd5 Qxc3+ 0-1

[Event "27th Hoogeveen Open 2024"]
[Site "Hoogeveen NED"]
[Date "2024.10.28"]
[Round "3.24"]
[White "Arnold, Rhys"]
[Black "De Wit, Michel"]
[Result "0-1"]
[BlackTitle "FM"]
[WhiteElo "2312"]
[BlackElo "2108"]
[WhiteFideId "1068849"]
[BlackFideId "1002210"]
[EventDate "2024.10.26"]

1. e4 d5 2. exd5 Nf6 3. Nf3 Qxd5 4. Nc3 Qd8 5. d4 g6 6. Bc4 Bg7 7. O-O O-O 8. h3
b6 9. Qe2 Bb7 10. Rd1 e6 11. Bg5 Qc8 12. Ne5 Nd5 13. Ng4 Nxc3 14. bxc3 Ba6 15.
Bxa6 Nxa6 16. Bf6 Nb8 17. Qe3 Nd7 18. Bxg7 Kxg7 19. Qh6+ Kh8 20. h4 Qd8 21. Rd3
Qe7 22. Re1 Rae8 23. Rde3 Qd8 24. Rh3 Nf6 25. Ne5 Ng8 26. Qf4 f6 27. Nd3 e5 28.
dxe5 fxe5 29. Qc4 b5 30. Qxb5 e4 31. Nc1 Rf5 32. Qe2 Nf6 33. Nb3 Nh5 34. Re3
Qxh4 35. g3 Qf6 36. Nd4 Rfe5 37. Qg4 c5 38. Nb3 Rf8 39. Qe2 Rf5 40. Rf1 Qg5 41.
Kh2 Nf6 42. Kg2 Nd5 43. Rxe4 Nxc3 44. Qg4 Nxe4 45. Qxe4 Re5 46. Qc4 Qd8 47. Kg1
Qd5 48. Qc3 Kg8 49. Nd2 Re2 50. Nc4 Qd4 0-1

[Event "27th Hoogeveen Open 2024"]
[Site "Hoogeveen NED"]
[Date "2024.10.28"]
[Round "3.25"]
[White "Fehr, Axel"]
[Black "Terlouw, Wouter"]
[Result "0-1"]
[BlackTitle "CM"]
[WhiteElo "2021"]
[BlackElo "2198"]
[WhiteFideId "4675185"]
[BlackFideId "1087401"]
[EventDate "2024.10.26"]

1. Nf3 Nf6 2. g3 b5 3. d4 e6 4. e3 a6 5. Bg2 Bb7 6. O-O c5 7. a4 b4 8. Nbd2 d5
9. Ne5 Qc7 10. a5 Bd6 11. f4 Nc6 12. c3 Nxa5 13. Qa4+ Nc6 14. c4 O-O 15. cxd5
Nxd5 16. Ne4 cxd4 17. Nxd6 Qxd6 18. Qd1 dxe3 19. Bxe3 Nxe5 20. fxe5 Qxe5 21. Bd4
Qg5 22. Ra5 Rad8 23. Qf3 Rd7 24. h4 Qd2 25. Rd1 Qc2 0-1

[Event "27th Hoogeveen Open 2024"]
[Site "Hoogeveen NED"]
[Date "2024.10.28"]
[Round "3.26"]
[White "Den Heijer, Rolinde"]
[Black "Duson, Robin"]
[Result "0-1"]
[WhiteElo "2018"]
[BlackElo "2177"]
[WhiteFideId "1068300"]
[BlackFideId "1055038"]
[EventDate "2024.10.26"]

1. e4 e5 2. Nf3 Nc6 3. Bc4 Nf6 4. d3 Bc5 5. c3 d6 6. Bb3 a5 7. O-O Ba7 8. Re1 h6
9. Nbd2 O-O 10. h3 Be6 11. Ba4 Rb8 12. Nf1 b5 13. Bc2 d5 14. exd5 Nxd5 15. Qe2
Re8 16. Bd2 Bf5 17. Ng3 Bh7 18. Qf1 Qd7 19. Rad1 Rbd8 20. Bb1 b4 21. Bc2 bxc3
22. bxc3 Nf4 23. Bxf4 exf4 24. Ne4 Ne5 25. Nxe5 Rxe5 26. d4 Ree8 27. Qc4 Qe6 28.
Qxc7 Bb8 29. Qxa5 f3 30. Qh5 fxg2 31. Re3 Qxa2 32. Bb1 Qa8 33. Nf6+ gxf6 34.
Bxh7+ Kg7 35. Bb1 Rxe3 36. fxe3 Qc6 37. Qg4+ Kf8 38. Qh5 Qxc3 39. Qxh6+ Ke7 40.
Be4 Rg8 41. Bd3 Qb2 42. Qh5 Bh2+ 43. Kxh2 g1=Q# 0-1

[Event "27th Hoogeveen Open 2024"]
[Site "Hoogeveen NED"]
[Date "2024.10.28"]
[Round "3.27"]
[White "Govoreanu, Matei"]
[Black "Duchene, Rene"]
[Result "1-0"]
[WhiteElo "2142"]
[BlackElo "2075"]
[WhiteFideId "258059"]
[BlackFideId "1006304"]
[EventDate "2024.10.26"]

1. e4 e6 2. d4 d5 3. Nc3 Nf6 4. Bg5 dxe4 5. Nxe4 Nbd7 6. Bd3 h6 7. Nxf6+ Nxf6 8.
Bh4 Be7 9. Nf3 O-O 10. Qd2 b6 11. O-O-O Bb7 12. Ne5 c5 13. dxc5 bxc5 14. f4 Nd5
15. Bxe7 Qxe7 16. Rhe1 Rfd8 17. Qf2 Qf6 18. g3 Rac8 19. Kb1 Nb6 20. Ng4 Qe7 21.
f5 c4 22. f6 Qf8 23. fxg7 Qxg7 24. Nf6+ Kf8 25. Be2 Nd5 26. Nxd5 Bxd5 27. Bh5 c3
28. b3 Rd7 29. Rd4 Qg5 30. g4 Kg7 31. Rf1 f5 32. h4 Qe7 33. Ra4 Be4 34. gxf5
Bxf5 35. Qg3+ Kh7 36. Qe5 Qg7 37. Qe3 Qg2 38. Rc1 Qd2 39. Qg1 Rg8 40. Bg4 Kh8
41. Qg3 Rd5 42. h5 Rc5 43. Qh4 Rxg4 44. Qf6+ Rg7 45. Qf8+ Kh7 46. Qxc5 Qh2 47.
Rxa7 1-0

[Event "27th Hoogeveen Open 2024"]
[Site "Hoogeveen NED"]
[Date "2024.10.28"]
[Round "3.28"]
[White "Van der Lubben, Arno"]
[Black "Grooten, Herman"]
[Result "0-1"]
[BlackTitle "IM"]
[WhiteElo "1997"]
[BlackElo "2216"]
[WhiteFideId "1068920"]
[BlackFideId "1000330"]
[EventDate "2024.10.26"]

1. d4 Nf6 2. c4 e6 3. Nc3 Bb4 4. Qc2 O-O 5. e4 d6 6. e5 dxe5 7. dxe5 Ng4 8. Nf3
Nc6 9. Bf4 f6 10. Bd3 fxe5 11. Bg5 Be7 12. Bxh7+ Kh8 13. Rd1 Nd4 14. Qe4 Bxg5
15. Qxg4 Rxf3 16. gxf3 Kxh7 17. Rg1 Bh6 18. Rg3 Qf6 19. Ne4 Qf5 20. Qh4 Bd7 21.
Kf1 Bc6 22. Ng5+ Kg8 23. Ne4 Kh8 0-1

[Event "27th Hoogeveen Open 2024"]
[Site "Hoogeveen NED"]
[Date "2024.10.28"]
[Round "3.29"]
[White "Gortemaker, Lucas"]
[Black "Westerlaan, Sander"]
[Result "0-1"]
[WhiteElo "2073"]
[BlackElo "1979"]
[WhiteFideId "1013394"]
[BlackFideId "1044346"]
[EventDate "2024.10.26"]

1. e4 c5 2. Nf3 Nc6 3. Bb5 Nf6 4. Bxc6 dxc6 5. d3 Bg4 6. h3 Bxf3 7. Qxf3 g6 8.
a4 Bg7 9. O-O O-O 10. Na3 Qd7 11. Be3 b6 12. Nc4 Ne8 13. Qg3 Nd6 14. Ne5 Qe6 15.
Bf4 f5 16. Nf3 fxe4 17. Ng5 Qf6 18. Bxd6 exd6 19. dxe4 Qf4 20. Qxf4 Rxf4 21. g3
Rf6 22. a5 b5 23. Rad1 Re8 24. f4 h6 25. e5 dxe5 26. Ne4 Rff8 27. Nxc5 exf4 28.
c3 fxg3 29. Rd6 Rxf1+ 30. Kxf1 Rf8+ 31. Kg2 Rf2+ 32. Kxg3 Be5+ 33. Kxf2 Bxd6 34.
Nb3 a6 35. Kf3 Kf7 36. Ke4 Ke6 37. Nd4+ Kd7 38. Nf3 Bg3 39. Nd2 Bc7 40. Nb3 Bd6
41. Nd2 Ke6 42. Nb3 c5 43. c4 bxc4 44. Nd2 c3 45. bxc3 Be5 46. Kd3 Kd5 47. Nc4
Bf4 48. Nb6+ Kc6 49. Kc4 Bc7 50. Nd5 Bd6 51. Nb6 g5 52. Nd5 Bf8 53. Nf6 Bd6 54.
Ng4 h5 55. Nf6 Be5 56. Ne4 g4 57. hxg4 hxg4 58. Nxc5 Bxc3 59. Nd3 Bf6 60. Nb4+
Kb7 61. Kd3 Bc3 62. Nd5 Bxa5 63. Ne7 g3 64. Ke2 Bc7 0-1

[Event "27th Hoogeveen Open 2024"]
[Site "Hoogeveen NED"]
[Date "2024.10.28"]
[Round "3.30"]
[White "Ambrona Navarro, Himar"]
[Black "Wildschut, Marcel"]
[Result "1/2-1/2"]
[WhiteElo "1971"]
[BlackElo "2069"]
[WhiteFideId "94740925"]
[BlackFideId "1019139"]
[EventDate "2024.10.26"]

1. d4 Nf6 2. c4 e6 3. Nc3 Bb4 4. e3 O-O 5. Bd2 d5 6. Nf3 c5 7. cxd5 cxd4 8. Nxd4
Bxc3 9. Bxc3 Nxd5 10. Bd2 e5 11. Nf3 Bg4 12. Be2 Nc6 13. O-O e4 14. Nd4 Bxe2 15.
Nxe2 Qe7 16. Bc3 Rfd8 17. Qb3 Nxc3 18. Nxc3 Kh8 19. Rad1 f5 20. Rd5 Rxd5 21.
Qxd5 g6 22. Rd1 Rd8 23. Qb3 Rxd1+ 24. Qxd1 h5 25. a3 Kh7 26. h3 a6 27. Qd5 1/2-1/2

[Event "27th Hoogeveen Open 2024"]
[Site "Hoogeveen NED"]
[Date "2024.10.28"]
[Round "3.31"]
[White "Gerrits, Augustin"]
[Black "Lardinois, Wouter"]
[Result "0-1"]
[WhiteElo "1939"]
[BlackElo "2025"]
[WhiteFideId "285358"]
[BlackFideId "1039997"]
[EventDate "2024.10.26"]

1. e4 c5 2. Nf3 Nc6 3. d4 cxd4 4. Nxd4 Nf6 5. Nc3 e5 6. Ndb5 d6 7. Bg5 a6 8. Na3
b5 9. Nd5 Be7 10. Bxf6 Bxf6 11. c3 O-O 12. Nc2 Rb8 13. h4 g6 14. g3 Bg7 15. Nce3
f5 16. Qb3 Kh8 17. h5 Qg5 18. hxg6 Qxg6 19. exf5 Bxf5 20. Nxf5 Rxf5 21. O-O-O
Rxf2 22. Bd3 e4 23. Bc2 Na5 24. Qa3 Nc4 25. Qxa6 Qg5+ 26. Nf4 Qxg3 27. Rxh7+
Kxh7 28. Bxe4+ Kg8 29. Bd5+ Kh8 30. Qa7 Qxf4+ 31. Kb1 Rxb2+ 32. Ka1 Rf8 0-1

[Event "27th Hoogeveen Open 2024"]
[Site "Hoogeveen NED"]
[Date "2024.10.28"]
[Round "3.32"]
[White "Westerhof, Fleur"]
[Black "Leenes, Robert"]
[Result "1/2-1/2"]
[WhiteElo "1904"]
[BlackElo "2014"]
[WhiteFideId "1080369"]
[BlackFideId "40108848"]
[EventDate "2024.10.26"]

1. e4 d5 2. exd5 Nf6 3. d4 Bg4 4. Bb5+ Nbd7 5. f3 Bf5 6. c4 a6 7. Bxd7+ Qxd7 8.
Nc3 e6 9. dxe6 Bxe6 10. d5 Bf5 11. Be3 b5 12. Qd4 bxc4 13. Qxc4 Bd6 14. Nge2 O-O
15. Bc5 Bd3 16. Qxd3 Bxc5 17. O-O-O Rfb8 18. g4 Rb4 19. g5 Ne8 20. Ne4 Be7 21.
N2c3 Rab8 22. Rd2 a5 23. h4 Bd6 24. Nxd6 Nxd6 25. Rhh2 a4 26. Rhg2 Rxh4 27. Ne4
Nxe4 28. fxe4 Qe7 29. Rde2 Rh1+ 30. Kc2 Qe5 31. Qc3 Qf4 32. Qd2 Qf1 33. Kd3 Qb1+
34. Qc2 Qxa2 35. Qxc7 Qb3+ 36. Qc3 Rh3+ 37. Re3 Qd1+ 38. Rd2 Rxe3+ 39. Kxe3 Qg1+
40. Ke2 Qg2+ 41. Kd3 Qxg5 42. Qc7 Rb3+ 43. Kc2 h5 44. d6 Rxb2+ 45. Kxb2 Qxd2+
46. Ka3 Qe3+ 47. Kxa4 Qxe4+ 48. Kb5 Qd5+ 49. Kb6 Qb3+ 50. Ka7 Qa4+ 51. Kb6 Qb4+
52. Kc6 Qa4+ 53. Kb7 Qb5+ 54. Kc8 Qa6+ 55. Kb8 1/2-1/2

[Event "27th Hoogeveen Open 2024"]
[Site "Hoogeveen NED"]
[Date "2024.10.29"]
[Round "4.1"]
[White "Karthikeyan, Murali"]
[Black "Brunello, Sabino"]
[Result "1-0"]
[WhiteTitle "GM"]
[BlackTitle "GM"]
[WhiteElo "2624"]
[BlackElo "2514"]
[WhiteFideId "5074452"]
[BlackFideId "813613"]
[EventDate "2024.10.26"]

1. e4 e5 2. Nf3 Nc6 3. Bb5 a6 4. Ba4 Nf6 5. O-O Be7 6. Re1 b5 7. Bb3 O-O 8. c3
d5 9. exd5 Nxd5 10. Nxe5 Nxe5 11. Rxe5 c6 12. d3 Bd6 13. Re1 Bf5 14. Qf3 Qd7 15.
Bxd5 cxd5 16. Bf4 Bxf4 17. Qxf4 d4 18. cxd4 Rac8 19. Nc3 Bxd3 20. d5 Rc4 21. Qd2
Bf5 22. d6 Be6 23. Nd5 Qb7 24. b3 Rc5 25. Ne7+ Kh8 26. Rac1 Rxc1 27. Rxc1 h6 28.
h3 Rd8 29. Rc6 b4 30. Qd4 a5 31. Qc5 a4 32. bxa4 b3 33. axb3 Qxb3 34. a5 Qd1+
35. Kh2 Qa4 36. a6 Ra8 37. Nd5 Qe4 38. Nc7 Bd7 39. Rb6 1-0

[Event "27th Hoogeveen Open 2024"]
[Site "Hoogeveen NED"]
[Date "2024.10.29"]
[Round "4.2"]
[White "Sankalp, Gupta"]
[Black "De Winter, Arthur"]
[Result "1/2-1/2"]
[WhiteTitle "GM"]
[BlackTitle "IM"]
[WhiteElo "2534"]
[BlackElo "2435"]
[WhiteFideId "5097010"]
[BlackFideId "1069020"]
[EventDate "2024.10.26"]

1. e4 e5 2. Nf3 Nc6 3. Bc4 Nf6 4. d3 Bc5 5. c3 d6 6. O-O a5 7. Re1 O-O 8. h3 h6
9. Nbd2 Be6 10. Bb5 Qb8 11. Nf1 Qa7 12. Re2 a4 13. Ng3 Qa5 14. Bc4 Bxc4 15. dxc4
Ne7 16. Rb1 b5 17. cxb5 Qxb5 18. b4 axb3 19. axb3 Rfb8 20. Nh4 Ng6 21. Nxg6 fxg6
22. b4 Qc4 23. Bxh6 gxh6 24. bxc5 Qxc5 25. Rxb8+ Rxb8 26. Qd2 Kg7 27. Qa2 h5 28.
Re3 h4 29. Nf1 Qb5 30. Nd2 Qb2 31. Qxb2 Rxb2 32. Nf3 Rb1+ 33. Kh2 Rf1 34. Re2
Rc1 35. Re3 Rc2 36. Kg1 Nh5 37. Nxh4 Nf4 38. Nf3 Ne2+ 39. Kh2 Nxc3 40. Ne1 Rc1
41. Nd3 Rf1 42. Kg3 Nb5 43. f4 exf4+ 44. Nxf4 Kf6 45. Rf3 Rb1 46. Nd3+ Kg7 47.
e5 Nd4 48. exd6 cxd6 49. Rf2 Rb3 50. Rd2 Kf6 1/2-1/2

[Event "27th Hoogeveen Open 2024"]
[Site "Hoogeveen NED"]
[Date "2024.10.29"]
[Round "4.3"]
[White "Zwirs, Nico"]
[Black "Ten Dam, Bram"]
[Result "1-0"]
[WhiteTitle "IM"]
[WhiteElo "2474"]
[BlackElo "2006"]
[WhiteFideId "1036432"]
[BlackFideId "40104877"]
[EventDate "2024.10.26"]

1. Nf3 Nf6 2. g3 g6 3. Bg2 Bg7 4. d4 d5 5. O-O O-O 6. Nbd2 c6 7. b3 b6 8. Bb2
Bb7 9. c4 Nbd7 10. Qc2 Rc8 11. e4 dxe4 12. Nxe4 b5 13. Rfe1 bxc4 14. bxc4 Re8
15. Ned2 Qc7 16. a4 e6 17. c5 Ba6 18. Bf1 Bxf1 19. Kxf1 Rb8 20. Nc4 Bf8 21. Bc1
Nd5 22. h4 h5 23. Kg2 Qb7 24. Bd2 Qa6 25. Ra3 Nb4 26. Qc1 Nd5 27. Ng5 N5f6 28.
Qc2 Kg7 29. Rf3 Qb7 30. Bf4 Qb4 31. Rd1 Qb7 32. Bxb8 Qxb8 33. Re1 Re7 34. Nd6
Kg8 35. Rb1 Qa8 36. Rb7 Bg7 37. Qb1 Qd8 38. Rxa7 Qf8 39. Qb7 1-0

[Event "27th Hoogeveen Open 2024"]
[Site "Hoogeveen NED"]
[Date "2024.10.29"]
[Round "4.4"]
[White "Schuricht, Emil Frederick"]
[Black "Kovchan, Alexander"]
[Result "1/2-1/2"]
[BlackTitle "GM"]
[WhiteElo "2145"]
[BlackElo "2444"]
[WhiteFideId "16270185"]
[BlackFideId "14103052"]
[EventDate "2024.10.26"]

1. c4 e5 2. Nc3 Nf6 3. Nf3 Nc6 4. g3 Bb4 5. Nd5 e4 6. Nh4 O-O 7. Bg2 d6 8. Nxb4
Nxb4 9. a3 Nc6 10. d3 d5 11. O-O exd3 12. exd3 h6 13. Nf3 Bf5 14. Re1 Qd7 15.
Bf4 Bg4 16. Qb3 Bxf3 17. Bxf3 Nd4 18. Qd1 Rfe8 1/2-1/2

[Event "27th Hoogeveen Open 2024"]
[Site "Hoogeveen NED"]
[Date "2024.10.29"]
[Round "4.5"]
[White "Kovalskyi, Roman"]
[Black "Maris, Ivo"]
[Result "0-1"]
[BlackTitle "FM"]
[WhiteElo "2124"]
[BlackElo "2388"]
[WhiteFideId "14184214"]
[BlackFideId "1028146"]
[EventDate "2024.10.26"]

1. e4 g6 2. d4 Bg7 3. Nc3 a6 4. Be3 b5 5. Qd2 d6 6. h4 h6 7. f3 Nd7 8. Nh3 Ngf6
9. g4 Nb6 10. d5 h5 11. g5 Nfd7 12. f4 b4 13. Nd1 Nc5 14. Nhf2 a5 15. Bd4 O-O
16. Bxg7 Kxg7 17. Qd4+ Kh7 18. Nd3 Nbd7 19. N1f2 e6 20. O-O-O Bb7 21. Bh3 Qe7
22. dxe6 Nxe6 23. Qe3 c5 24. f5 Nd4 25. Nf4 Ne5 26. Nd5 Bxd5 27. exd5 b3 28.
cxb3 a4 29. Ne4 axb3 30. a3 Ra4 31. Rhf1 Rfa8 32. Rf2 Rc4+ 33. Kb1 Rc2 34. fxg6+
fxg6 35. Rc1 Nc4 36. Qd3 Rxb2+ 37. Rxb2 Nxa3+ 38. Ka1 Nac2+ 39. Kb1 Ra1# 0-1

[Event "27th Hoogeveen Open 2024"]
[Site "Hoogeveen NED"]
[Date "2024.10.29"]
[Round "4.6"]
[White "Smeets, Kobe"]
[Black "Bakija, Alan"]
[Result "1-0"]
[WhiteTitle "FM"]
[WhiteElo "2328"]
[BlackElo "2192"]
[WhiteFideId "1063910"]
[BlackFideId "1068016"]
[EventDate "2024.10.26"]

1. e4 d6 2. d4 Nf6 3. Nc3 e5 4. Nf3 Nbd7 5. h3 c6 6. Be3 b5 7. Bd3 h5 8. Ne2 Qc7
9. c3 a6 10. O-O Bb7 11. Ng5 Nh7 12. Nxh7 Rxh7 13. a4 g6 14. Qd2 Be7 15. f4 Kf8
16. f5 Kg8 17. Rf3 Kh8 18. Raf1 Qd8 19. Bb1 Rc8 20. Rg3 Qe8 21. Bg5 Bxg5 22.
Qxg5 Rg7 23. Ba2 d5 24. Bb1 c5 25. fxg6 fxg6 26. exd5 Nf8 27. dxe5 Bxd5 28. Nf4
Bf7 29. Nxh5 1-0

[Event "27th Hoogeveen Open 2024"]
[Site "Hoogeveen NED"]
[Date "2024.10.29"]
[Round "4.7"]
[White "Ritzerveld, Noah"]
[Black "Ganguly, Surya Shekhar"]
[Result "0-1"]
[WhiteTitle "FM"]
[BlackTitle "GM"]
[WhiteElo "2281"]
[BlackElo "2598"]
[WhiteFideId "1085760"]
[BlackFideId "5002150"]
[EventDate "2024.10.26"]

1. e4 e5 2. Nf3 Nc6 3. Bc4 Nf6 4. d3 Bc5 5. c3 d6 6. O-O h6 7. Re1 a5 8. Nbd2
O-O 9. Nf1 Be6 10. Bb5 Bb6 11. h3 Ne7 12. d4 exd4 13. cxd4 d5 14. e5 Ne4 15. Bd3
Nf5 16. Bxe4 dxe4 17. Rxe4 c5 18. Ne3 cxd4 19. Nxf5 Bxf5 20. Rf4 Be6 21. Ne1 f6
22. exf6 Rxf6 23. a4 Bc5 24. Qf3 Rg6 25. Qe4 Qe8 26. Nd3 Bxh3 27. Qxe8+ Rxe8 28.
Rf3 Bg4 29. Rg3 Bf8 30. Nf4 Re1+ 31. Kh2 Rg5 32. f3 Bf5 0-1

[Event "27th Hoogeveen Open 2024"]
[Site "Hoogeveen NED"]
[Date "2024.10.29"]
[Round "4.8"]
[White "Maatman, Nick"]
[Black "Plukkel, Sjoerd"]
[Result "1/2-1/2"]
[WhiteTitle "IM"]
[BlackTitle "FM"]
[WhiteElo "2382"]
[BlackElo "2210"]
[WhiteFideId "1040391"]
[BlackFideId "1008676"]
[EventDate "2024.10.26"]

1. e4 c5 2. Nf3 d6 3. d4 cxd4 4. Nxd4 Nf6 5. Nc3 Nc6 6. Bg5 e6 7. Qd2 Be7 8.
O-O-O O-O 9. h4 Nxd4 10. Qxd4 Qa5 11. Kb1 h6 12. Qd2 Rd8 13. f3 hxg5 14. hxg5
Ne8 15. f4 d5 16. g6 d4 17. Qd3 fxg6 18. Ne2 Kf7 19. Nxd4 Nd6 20. Be2 Bd7 21.
Nf3 Bf6 22. Qxd6 Bc6 23. Ne5+ Bxe5 24. Qxe5 Qxe5 25. fxe5 Bxe4 26. Rdf1+ Kg8 27.
Bf3 Rd4 28. Kc1 Rc8 29. Bxe4 Rxe4 30. Re1 Rg4 1/2-1/2

[Event "27th Hoogeveen Open 2024"]
[Site "Hoogeveen NED"]
[Date "2024.10.29"]
[Round "4.9"]
[White "Duijker, Rick"]
[Black "Bosboom, Manuel"]
[Result "1/2-1/2"]
[WhiteTitle "FM"]
[BlackTitle "IM"]
[WhiteElo "2154"]
[BlackElo "2354"]
[WhiteFideId "1010565"]
[BlackFideId "1000080"]
[EventDate "2024.10.26"]

1. c4 g6 2. Nc3 Bg7 3. Nf3 d6 4. d4 Nf6 5. e4 O-O 6. Be2 Nbd7 7. O-O e5 8. Be3
exd4 9. Nxd4 c6 10. Qc2 Re8 11. Rad1 a6 12. Rfe1 Qe7 13. Bf1 Ng4 14. Bf4 Be5 15.
Qd2 Qf6 16. Bg5 Bxh2+ 17. Kh1 Qxf2 18. Qxf2 Nxf2+ 19. Kxh2 Nxd1 20. Rxd1 Nc5 21.
Bd3 Bg4 22. Nf3 b5 23. b4 Nxd3 24. Rxd3 a5 25. a3 axb4 26. axb4 bxc4 27. Rxd6
Re6 28. Rd4 f6 29. Bf4 g5 30. Bc7 Ra3 31. Rxc4 Bxf3 32. gxf3 Rb3 33. Kg3 h5 34.
Ne2 g4 35. Nc3 gxf3 36. Kxf3 Kf7 37. Kf4 h4 38. Kg4 Rxc3 1/2-1/2

[Event "27th Hoogeveen Open 2024"]
[Site "Hoogeveen NED"]
[Date "2024.10.29"]
[Round "4.10"]
[White "Kazarjan, Gachatur"]
[Black "Labruyere, Roger"]
[Result "0-1"]
[WhiteElo "2163"]
[BlackElo "2286"]
[WhiteFideId "1068750"]
[BlackFideId "1059505"]
[EventDate "2024.10.26"]

1. e4 c5 2. Nf3 d6 3. d4 cxd4 4. Nxd4 Nf6 5. Nc3 a6 6. Be3 e5 7. Nb3 Be6 8. Be2
Be7 9. a4 O-O 10. O-O Nbd7 11. a5 Rc8 12. Bf3 Rc4 13. Qd2 Qc7 14. Rfd1 Rc8 15.
h3 h6 16. g4 Nf8 17. Nc1 Ng6 18. N1e2 Nh4 19. Bh1 Nh7 20. f4 exf4 21. Nxf4 Ng5
22. Qf2 d5 23. exd5 Rxf4 24. Bxf4 Nxh3+ 25. Kf1 Qc4+ 26. Qe2 Qxf4+ 0-1

[Event "27th Hoogeveen Open 2024"]
[Site "Hoogeveen NED"]
[Date "2024.10.29"]
[Round "4.11"]
[White "De Jong, Migchiel"]
[Black "Madularea, David"]
[Result "1/2-1/2"]
[WhiteTitle "IM"]
[WhiteElo "2288"]
[BlackElo "2151"]
[WhiteFideId "1002848"]
[BlackFideId "1070215"]
[EventDate "2024.10.26"]

1. Nf3 Nf6 2. c4 g6 3. d4 Bg7 4. e3 O-O 5. Be2 c5 6. d5 d6 7. Nc3 e6 8. O-O exd5
9. cxd5 Re8 10. Nd2 Na6 11. e4 Nc7 12. Re1 b5 13. Nxb5 Nxe4 14. Nxc7 Nxf2 15.
Qb3 Ng4 16. Nxe8 Bd4+ 17. Kh1 Nf2+ 18. Kg1 Ng4+ 19. Kh1 Nf2+ 20. Kg1 Ng4+ 1/2-1/2

[Event "27th Hoogeveen Open 2024"]
[Site "Hoogeveen NED"]
[Date "2024.10.29"]
[Round "4.12"]
[White "Boeren, Jurriaan"]
[Black "Mamatov, Melis"]
[Result "0-1"]
[BlackTitle "FM"]
[WhiteElo "2159"]
[BlackElo "2358"]
[WhiteFideId "1067478"]
[BlackFideId "13800027"]
[EventDate "2024.10.26"]

1. e4 e5 2. Nf3 Nc6 3. Bb5 a6 4. Ba4 Nf6 5. O-O b5 6. Bb3 Bc5 7. c3 d6 8. d4 Bb6
9. Be3 O-O 10. Nbd2 Bg4 11. h3 Bh5 12. dxe5 dxe5 13. Qe2 Rb8 14. Rfd1 Qe7 15. g4
Bg6 16. Bd5 Nd8 17. Bxb6 Rxb6 18. a4 h5 19. axb5 axb5 20. g5 Nxd5 21. exd5 e4
22. h4 f5 23. c4 f4 24. c5 Rb8 25. b4 Re8 26. Re1 Qd7 27. Nh2 Qxd5 28. Ra6 Nc6
29. Nb1 Re6 30. Rd1 f3 31. Qf1 Qe5 32. Re1 Qf4 33. Qh3 Bf5 34. Qg3 Qxg3+ 35.
fxg3 Bg4 36. Nd2 Rbe8 37. Nxg4 hxg4 38. Rxe4 Rxe4 39. Nxe4 Nxb4 40. g6 Nxa6 0-1

[Event "27th Hoogeveen Open 2024"]
[Site "Hoogeveen NED"]
[Date "2024.10.29"]
[Round "4.13"]
[White "Van Dael, Siem"]
[Black "Yasmo, Daniil"]
[Result "1-0"]
[WhiteTitle "FM"]
[WhiteElo "2279"]
[BlackElo "2156"]
[WhiteFideId "1049771"]
[BlackFideId "14199165"]
[EventDate "2024.10.26"]

1. e4 e6 2. d4 d5 3. Nc3 Nf6 4. Bg5 dxe4 5. Nxe4 Be7 6. Bxf6 gxf6 7. Nf3 f5 8.
Nc3 a6 9. g3 b5 10. Bg2 Bb7 11. O-O O-O 12. Ne5 Bxg2 13. Kxg2 b4 14. Na4 Qd5+
15. Qf3 Qxf3+ 16. Kxf3 Rd8 17. Ke3 Bf6 18. f4 Bxe5 19. dxe5 Nd7 20. Rfd1 Nb6 21.
Nxb6 cxb6 22. Rxd8+ Rxd8 23. a3 bxa3 24. Rxa3 a5 25. Rb3 Rc8 26. Kd3 Rd8+ 27.
Ke3 Rc8 28. Kd2 Rb8 29. c4 Kf8 30. c5 b5 31. c6 b4 32. Rd3 Ke8 33. Kc2 a4 34.
Rd4 a3 35. b3 Rb6 36. c7 Rc6+ 37. Kb1 Rxc7 38. Rxb4 h5 39. Rc4 Rd7 40. Rc2 Rd3
41. Ka2 Rf3 42. Kxa3 h4 43. Ka4 hxg3 44. hxg3 Rxg3 45. b4 Rf3 46. Rc4 Re3 47. b5
Re4 48. Kb4 Kd7 49. Kc5 Kc7 50. Rd4 Kc8 51. b6 Re1 52. Kc6 Rc1+ 53. Kd6 Rb1 54.
Ke7 Rxb6 55. Rc4+ Kb7 56. Kxf7 Ra6 57. Ke7 Rb6 58. Kd7 Kb8 59. Rc6 Rb4 60. Rxe6
Rxf4 61. Rb6+ Ka7 62. Rd6 Rb4 63. e6 Rb7+ 64. Ke8 f4 65. e7 Kb8 66. Rd8+ Ka7 67.
Kf8 1-0

[Event "27th Hoogeveen Open 2024"]
[Site "Hoogeveen NED"]
[Date "2024.10.29"]
[Round "4.14"]
[White "Lorscheid, Gerhard"]
[Black "Van Batenburg, Mees"]
[Result "1-0"]
[WhiteTitle "FM"]
[WhiteElo "2152"]
[BlackElo "2247"]
[WhiteFideId "4606000"]
[BlackFideId "1078259"]
[EventDate "2024.10.26"]

1. d4 e6 2. Nf3 f5 3. d5 Nf6 4. dxe6 dxe6 5. Qxd8+ Kxd8 6. Nc3 Bb4 7. Bd2 Ke7 8.
a3 Bd6 9. e4 Nc6 10. exf5 exf5 11. Bd3 Bd7 12. O-O-O Rhe8 13. Nb5 Ne5 14. Nxe5
Bxe5 15. f4 Bd6 16. Nxd6 cxd6 17. Bb4 g6 18. Rhe1+ Kf7 19. Bxd6 Ng4 20. Bc4+ Be6
21. Rxe6 Rxe6 22. Bc5 Nf6 23. Rd6 Re8 24. Bxa7 Ne4 25. Rb6 Nc5 26. Rb5 Kf6 27.
Bxc5 Re1+ 28. Kd2 R1e4 29. Rb6+ Kg7 30. Rxb7+ Kh8 31. Bd3 Rd8 32. Be7 Rd5 33. c4
Rxc4 34. Bf6+ Kg8 35. Ke3 Rc6 36. Be5 h6 37. b3 1-0

[Event "27th Hoogeveen Open 2024"]
[Site "Hoogeveen NED"]
[Date "2024.10.29"]
[Round "4.15"]
[White "Nissinen, Niilo Man"]
[Black "Govoreanu, Matei"]
[Result "0-1"]
[WhiteTitle "CM"]
[WhiteElo "2204"]
[BlackElo "2142"]
[WhiteFideId "30950767"]
[BlackFideId "258059"]
[EventDate "2024.10.26"]

1. e4 c5 2. Nf3 Nc6 3. Bb5 g6 4. Bxc6 dxc6 5. d3 Qc7 6. h3 e5 7. O-O Nf6 8. Nc3
Nh5 9. Be3 f6 10. Qd2 g5 11. a3 Nf4 12. Na4 Qd7 13. Nh2 h5 14. b4 Bh6 15. Nxc5
Qg7 16. f3 g4 17. fxg4 hxg4 18. hxg4 Bxg4 19. Rxf4 Bxf4 20. Bxf4 exf4 21. Nxg4
Qxg4 22. Rf1 Rh4 23. Nxb7 Kd7 24. Nc5+ Ke7 25. Qd1 Qg3 26. Qf3 Rah8 0-1